|
|
|
|
| LEADER |
00000nam a2200000 i 4500 |
| 005 |
20111219111510.0 |
| 007 |
cr|||| |||| |
| 008 |
061108s2006 sp 000 0 spa d |
| 017 |
|
|
|a D.L.SE4167-06
|
| 020 |
|
|
|a 9788497726283
|
| 020 |
|
|
|a 8497726286
|
| 035 |
|
|
|a 5959
|
| 040 |
|
|
|a BUSC
|d gao
|d BUS
|d vLex
|
| 080 |
|
|
|a 347.72(460)
|
| 090 |
|
|
|c 2843
|d 2843
|
| 100 |
1 |
|
|a Divar, Javier.
|
| 245 |
1 |
3 |
|a La empresa y el empresario
|h [Recurso electrn̤ico] /
|c Javier Divar.
|
| 256 |
|
|
|a Servicio en ln̕ea
|
| 260 |
|
|
|a Madrid :
|b Dykinson,
|c D.L. 2006.
|
| 300 |
|
|
|a 1 recurso electrn̤ico
|
| 500 |
|
|
|a Esta breve delimitacin̤ de la empresa, es un estudio de su estatuto jurd̕ico, as ̕como el de su empresario titular, pues el derecho, que ha de velar por resolver los conflictos de interš, es el mejor instrumento tčnico para circunscribir las instituciones de interš social, que considera como bienes de especial proteccin̤. Por tanto, el derecho a de ser riguroso y exacto, para lograr la seguridad jurd̕ica.
|
| 506 |
1 |
|
|a Contenido solo disponible en los productos indicados
|d vLex Global
|d vLex Global (Academic Edition, excluding Law Schools)
|d vLex Global (U.S. Academic Edition, Law Schools)
|d vLex Global (U.S. Academic Edition, excluding Law Schools)
|d vLex Global (Academic Edition, Law Schools)
|
| 650 |
0 |
4 |
|a Sociedades
|x Derecho
|z Espaą.
|
| 740 |
0 |
|
|a vLex Libros (Servicio en ln̕ea)
|
| 856 |
4 |
0 |
|u http://vlex.com/source/empresa-empresario-5959
|z Acceso restringido
|
| 942 |
|
|
|c BOOK
|
| 999 |
0 |
|
|a Corporations
|
| 999 |
0 |
|
|a Administrative law
|